Diccionario moderno Langenscheidt de los idiomas francés y español / (Record no. 123017)

MARC details
000 -LEADER
campo de control de longitud fija 00600nam a2200181 4500
001 - NÚMERO DE CONTROL
campo de control 123017
003 - IDENTIFICADOR DE NÚMERO DE CONTROL
campo de control ES-MaACL
007 - CAMPO FIJO DE DESCRIPCIÓN FÍSICA--INFORMACIÓN GENERAL
campo de control de longitud fija t|
008 - DATOS DE LONGITUD FIJA--INFORMACIÓN GENERAL
campo de control de longitud fija 070214s1984 sp r ||||0| spa d
020 ## - NÚMERO INTERNACIONAL ESTÁNDAR DEL LIBRO
Número Internacional Estándar del Libro 3-468-96060-3
100 1# - ENTRADA PRINCIPAL--NOMBRE DE PERSONA
Nombre de persona Puy-Costa, Mariano.
9 (RLIN) 94442
245 10 - MENCIÓN DEL TÍTULO
Título Diccionario moderno Langenscheidt de los idiomas francés y español /
Mención de responsabilidad, etc. Mariano Puy-Costa.
250 ## - MENCION DE EDICION
Mención de edición 12ª. ed.
260 ## - PUBLICACIÓN, DISTRIBUCIÓN, ETC.
Lugar de publicación, distribución, etc. Berlin ; Madrid :
Nombre del editor, distribuidor, etc. Langenscheidt : Mangold,
Fecha de publicación, distribución, etc. 1984.
300 ## - DESCRIPCIÓN FÍSICA
Extensión 1 v ;
Dimensiones 19 cm.
505 8# - NOTA DE CONTENIDO CON FORMATO
Nota de contenido con formato Contiene: 1ª. parte Francés-Español. 2ª. parte Español-Francés
852 ## - LOCALIZACIÓN
Ubicación ES-MaACL
Número de control de estantería L-9349
Sublocalización o colección R.110743
Holdings
Estatus retirado Estado de pérdida Estado de daño No para préstamo Colección Biblioteca de origen Biblioteca actual Ubicación en estantería Fecha de adquisición Fuente de adquisición Total de préstamos Signatura topográfica completa Código de barras Visto por última vez Precio de reemplazo Tipo de ítem Koha
        Colección de referencia Biblioteca del Ateneo de Madrid Biblioteca del Ateneo de Madrid Depósito 2 17/01/2008     L-9349 1128188 23/02/2023 23/02/2023 Libro impreso